| 000 | 00846cam a22002051 4500 | ||
|---|---|---|---|
| 001 | l 40000163 | ||
| 003 | DLC | ||
| 005 | 20260227111537.0 | ||
| 008 | 800913s1940 dcu f000 0 eng | ||
| 010 | _al 40000163 | ||
| 035 | _a(OCoLC)6706425 | ||
| 040 |
_aDLC _cViAlUNJ _dDLC |
||
| 042 | _apremarc | ||
| 050 | 0 | 0 | _aLAW <United States 8 "Dept. of Labor"> |
| 110 | 1 |
_aUnited States. _bDepartment of Labor. _bWage and Hour Division. |
|
| 245 | 1 | 0 |
_a"Executive, administrative, professional ... outside salesman" redefined; _beffective October 24, 1940. _cReport and recommendations of the presiding officer at hearings preliinary to redefinition. |
| 260 |
_aWashington, _bU.S. Govt. Print. Off., _c1940. |
||
| 300 |
_aiii, 60 p. _c23 cm. |
||
| 500 | _aAt head of title: United States Department of Labor. Wage and Hour Division. Washington, D.C. | ||
| 999 |
_c36345 _d36345 |
||